000 00268nam a22001217a 4500
008 170220b xxu||||| |||| 00| 0 eng d
041 _aeng
080 _a615
100 _a5
101 _ashf
245 _aPROFESIONAL APRACTICE PHARMACY
_cD.C HOFFMAN
942 _2udc
_cBK
999 _c5826
_d5826